Comparative ecology of regeneration process of dipterocarp trees in lowland rain forest, Southeast Asia

Bibliographic Details
Main Author: NUMATA
Format: Book
Published: Tokyo : Tokyo Metropolitan University , 2001
Subjects:

MARC

LEADER 00000cam a2200000 7i4500
001 0000001849
005 20020218.0
090 0 0 |a R THE583.6240959   |b NUM 2001 
100 1 0 |a NUMATA   |h Shinya 
245 1 0 |a Comparative ecology of regeneration process of dipterocarp trees in lowland rain forest, Southeast Asia   |c Shinya Numata 
260 0 0 |a Tokyo :   |b Tokyo Metropolitan University ,   |c 2001 
300 |a v, 129 p. :   |b ill. ;   |c 30 cm. 
500 0 0 |a Bibliography : p. 120-129 
500 0 0 |a Doctoral dissertation - Tokyo Metropolitan University (2001) 
650 0 0 |a Dipterocarpaceae   |x Ecology   |z Asia, Southeastern 
650 0 0 |a Rain forest ecology   |z Asia, Southeastern 
998 |a JPSM 
999 |a 0000002880   |b Monograph   |c Thesis   |e Default branch